Fastesalmequiz - Statistics

General Stats
  • This quiz has been taken 7 times
  • The average score is 5 of 15
Answer Stats
Hint Answer % Correct
Satan ei nåden deg unner Ingen vinner frem til den evige ro
100%
Hvem deler vår Herres smerte? Se, vi går opp til Jerusalem
75%
Du stod din prøve ut Du er Guds Sønn, den sterke
50%
eg har tenkt, de sko'kje eg ha gjort Du låg og skalv av angst på kne
50%
einsam i Pilati borg Du som låg i natti seine
50%
Han gjorde det for dem Han gikk den tunge veien
50%
Ja, nevner du kors eller tornekrans De lånte en krybbe å legge ham i
25%
Av kjærleik der du sveitta blod Den stunda i Getsemane
25%
før jeg vet det, klokken slår Jeg går i fare hvor jeg går
25%
flyt sorg og kjærleik saman ned Når krossen underfull eg ser
25%
angstens flammer luer i natten uten bunn O Herre, la mitt øye
25%
No skal han røynast i eld Timen er komen
25%
me som låg i mørkers velde Jesus, lyft ditt ljose merke
0%
Herren døden smaker istedenfor sin trell Når meg min synd vil krenke
0%
Min Jesus, du er såret O hode, høyt forhånet
0%
No matching quizzes found
Score Distribution
Percent of People with Each Score
Percentile by Number Answered
Your Score History
You have not taken this quiz